| 000 | 00402 a2200157 4500 | ||
|---|---|---|---|
| 999 |
_c320839 _d320839 |
||
| 001 | 85766 | ||
| 003 | NUST | ||
| 005 | 20180119201824.0 | ||
| 008 | 180119b xxu||||| |||| 00| 0 eng d | ||
| 020 | _a9780395944172 | ||
| 082 | _a305.50973 EPS | ||
| 100 |
_aJoseph Epstein _99160 |
||
| 245 |
_aSnobbery : The American Version _hEnglish |
||
| 250 | _a1st | ||
| 260 |
_aNew york _bHoughton Mifflin _c2002 |
||
| 300 | _axii 274 | ||
| 500 | _aGifted By AM Masood Akhtar | ||
| 942 |
_acaenust _cBK _k305.50973 EPS _2ddc |
||